| Tag |
First Indicator |
Second Indicator |
Subfields |
| LEADER |
00000cam a2200000 a 4500 |
| 001 |
in00002506321 |
| 005 |
20151201114442.0 |
| 008 |
091123s2010 nyua b 000 0 eng d |
| 010 |
|
|
|a 2009048509
|
| 020 |
|
|
|a 9780791802960 (alk. paper)
|
| 020 |
|
|
|a 0791802965 (alk. paper)
|
| 035 |
|
|
|a (OCoLC)ocn469917263
|
| 035 |
|
|
|a (OCoLC)469917263
|
| 040 |
|
|
|a DLC
|c DLC
|d YDX
|d YDXCP
|d UtOrBLW
|
| 049 |
|
|
|a TXAM
|
| 050 |
0 |
0 |
|a T56.8
|b .G645 2010
|
| 082 |
0 |
0 |
|a 658.4/04
|2 22
|
| 100 |
1 |
|
|a Goncalves, Marcus.
|
| 245 |
1 |
0 |
|a Fundamentals of agile project management :
|b an overview /
|c Marcus Goncalves and Raj Heda.
|
| 264 |
|
1 |
|a [New York] :
|b ASME Press,
|c [2010]
|
| 264 |
|
4 |
|c ©2010
|
| 300 |
|
|
|a 103 pages :
|b illustrations ;
|c 23 cm.
|
| 336 |
|
|
|a text
|b txt
|2 rdacontent
|
| 337 |
|
|
|a unmediated
|b n
|2 rdamedia
|
| 338 |
|
|
|a volume
|b nc
|2 rdacarrier
|
| 490 |
1 |
|
|a The technical manager's survival guides
|
| 504 |
|
|
|a Includes bibliographical references.
|
| 650 |
|
0 |
|a Project management.
|
| 650 |
|
0 |
|a Production management.
|
| 650 |
|
0 |
|a Flexible manufacturing systems.
|
| 650 |
|
0 |
|a System design.
|
| 700 |
1 |
|
|a Heda, Raj.
|
| 830 |
|
0 |
|a Technical manager's survival guides.
|
| 938 |
|
|
|a YBP Library Services
|b YANK
|n 3130529
|
| 945 |
|
|
|a PromptCat
|b 932947
|
| 946 |
|
|
|a stk
|
| 947 |
|
|
|a A14840250066
|
| 994 |
|
|
|a 92
|b TXA
|
| 948 |
|
|
|a cataloged
|b h
|d 2010/3/31
|h c
|e asalazar
|f 1:48:07 pm
|
| 999 |
|
|
|a MARS
|
| 999 |
f |
f |
|s eab0a899-92dc-3ae1-a913-5083ba0cd601
|i 9da5fc0e-241f-3d47-ae88-fece3e68f71a
|t 0
|
| 952 |
f |
f |
|p ric
|a Texas A&M University
|b Rellis Campus
|c Joint Library Facility
|d Remote Storage
|t 0
|e T56.8 .G645 2010
|h Library of Congress classification
|i unmediated -- volume
|m A14840250066
|
| 998 |
f |
f |
|a T56.8 .G645 2010
|t 0
|l Remote Storage
|